| 000 | 00768nam a2200253 4500 | ||
|---|---|---|---|
| 003 | MX-MxINE | ||
| 005 | 20260530113916.0 | ||
| 008 | 260508b |||||||| |||| 00| 0 eng d | ||
| 020 | _a9788491048459 | ||
| 040 |
_aICI _bspa _cICI _erda |
||
| 041 | _aspa | ||
| 050 |
_aPS3557.E697 _bI5318 2017 |
||
| 100 |
_aGerritsen, Tess, _eautor _dautor _934043 |
||
| 245 | _aIncendio / | ||
| 264 |
_aMadrid, España _bAlianza Editorial _c2017 |
||
| 300 | _a 256 páginas | ||
| 336 |
_2rdacontent _atexto |
||
| 337 |
_2rdamedia _asin medio |
||
| 338 |
_2rdacarrier _avolumen |
||
| 500 | _aTraducido del inglés por Pilar de la Peña Minguell | ||
| 650 |
_aSuspenso psicológico _vNovela. _934044 |
||
| 700 |
_aPilar de la Peña Minguell _eTraductor _934045 |
||
| 942 |
_2lcc _n1 _cBK |
||
| 999 |
_c12278 _d12278 |
||